International financial management : (Record no. 234201)
[ view plain ]
| 000 -LEADER | |
|---|---|
| fixed length control field | 00698nam a22002057a 4500 |
| 005 - DATE AND TIME OF LATEST TRANSACTION | |
| control field | 20250422095559.0 |
| 008 - FIXED-LENGTH DATA ELEMENTS--GENERAL INFORMATION | |
| fixed length control field | 250422b |||||||| |||| 00| 0 eng d |
| 020 ## - INTERNATIONAL STANDARD BOOK NUMBER | |
| International Standard Book Number | 9789390689231 |
| 040 ## - CATALOGING SOURCE | |
| Transcribing agency | AIMIT LIBRARY |
| 082 ## - DEWEY DECIMAL CLASSIFICATION NUMBER | |
| Edition number | 3 |
| Classification number | 658.1599 |
| Item number | SIDT |
| 100 ## - MAIN ENTRY--PERSONAL NAME | |
| Personal name | Siddaiah, Thummuluri. |
| 9 (RLIN) | 208617 |
| 245 ## - TITLE STATEMENT | |
| Title | International financial management : |
| Remainder of title | analytical framework / |
| Statement of responsibility, etc. | By Thummuluri Siddaiah. |
| 250 ## - EDITION STATEMENT | |
| Edition statement | 3rd ed. |
| 260 ## - PUBLICATION, DISTRIBUTION, ETC. | |
| Place of publication, distribution, etc. | Chennai : |
| Name of publisher, distributor, etc. | Pearson , |
| Date of publication, distribution, etc. | 2023. |
| 300 ## - PHYSICAL DESCRIPTION | |
| Extent | xlii,596p. ; |
| Other physical details | PB |
| Dimensions | 25.4 cm |
| 650 ## - SUBJECT ADDED ENTRY--TOPICAL TERM | |
| Topical term or geographic name entry element | Financial technology |
| 9 (RLIN) | 208618 |
| 650 ## - SUBJECT ADDED ENTRY--TOPICAL TERM | |
| Topical term or geographic name entry element | Foreign exchange markets structure |
| 9 (RLIN) | 208619 |
| 650 ## - SUBJECT ADDED ENTRY--TOPICAL TERM | |
| Topical term or geographic name entry element | International parity relationships |
| 9 (RLIN) | 208620 |
| 942 ## - ADDED ENTRY ELEMENTS (KOHA) | |
| Source of classification or shelving scheme | Dewey Decimal Classification |
| Koha item type | Book |
| Edition | 3rd |
| Call number prefix | 658.1599 SIDT |
| Withdrawn status | Lost status | Source of classification or shelving scheme | Damaged status | Not for loan | Collection code | Home library | Current library | Shelving location | Date acquired | Source of acquisition | Cost, normal purchase price | Inventory number | Total Checkouts | Full call number | Barcode | Date last seen | Cost, replacement price | Price effective from | Koha item type |
|---|---|---|---|---|---|---|---|---|---|---|---|---|---|---|---|---|---|---|---|
| Dewey Decimal Classification | MBA | St Aloysius Institute of Management & Information Technology | St Aloysius Institute of Management & Information Technology | International financial management | 03/11/2025 | Biblios Book Point | 1030.00 | Bill no:7466; Bill dt:2025/3/11 | 658.1599 SIDT | MBA14902 | 05/23/2026 | 803.40 | 04/22/2025 | Book | |||||
| Dewey Decimal Classification | MBA | St Aloysius Institute of Management & Information Technology | St Aloysius Institute of Management & Information Technology | International financial management | 03/11/2025 | Biblios Book Point | 1030.00 | Bill no:7466; Bill dt:2025/3/11 | 658.1599 SIDT | MBA14903 | 05/23/2026 | 803.40 | 04/22/2025 | Book |